| 000 | 00470cam a22001457a 4500 | ||
|---|---|---|---|
| 008 | 180718b1979 xxu||||| |||| 00| 0 eng d | ||
| 082 | _aAPPPA 78-79 BAN | ||
| 100 | _aBanerjee, A.R. | ||
| 245 |
_aForeign tourism and India: a study with special reference to its economic impact _cby A.R. Banerjee |
||
| 260 |
_aNew Delhi _bIndian Institute of Public Administration _c1979 |
||
| 300 | _a201p. | ||
| 650 | _aEconomic impact | ||
| 650 | _aIndia | ||
| 650 | _aForeign tourism | ||
| 999 |
_c501165 _d501165 |
||